| 000 | 00602nam a2200193Ia 4500 | ||
|---|---|---|---|
| 003 | GCL | ||
| 005 | 20240530103530.0 | ||
| 008 | 140319s9999 xx 000 0 ara d | ||
| 040 |
_aGCL / _cGCL |
||
| 082 | 0 | 4 |
_a227 _bع و |
| 100 | 1 | _aعبدالحليم كامل | |
| 245 | 1 | 0 |
_aوفى انفسكم افلا تبصرون (صدق الله العظيم) هذا خلق الله / _cعبدالحليم كامل |
| 260 |
_a[S.N] : _bدار المريخ للنشر ، _c1984 |
||
| 300 | _a203 ص | ||
| 650 | 0 | 4 | _aسور وايات |
| 650 | 0 | 4 | _aتفاسير |
| 650 | 0 | 4 | _aالقران |
| 942 |
_2ddc _cBK |
||
| 999 |
_c40359 _d40359 |
||